000 00787cab a2200253 4500
001 ABS60180
008 090401t1999 xxu||||| |||| 00| 0 eng d
035 _a(Sirsi) u91503
041 _aeng
100 _aCooke, M.
245 _aVariations on a theme
260 _c1999
350 _a0
490 _aHousing Today
_v(121) 18 February 1999, 18-19(2)
520 _aConsiders the changing face and role of housing associations. Previews several diverse projects, including anti-crime schemes, personal finance services and market renting.
650 _aDIVERSIFICATION
650 _aCONSTRUCTION FORECASTS
650 _aHOUSING ASSOCIATIONS
650 _aHOUSING PLUS
650 _aREGENERATION
690 _aBlock management
_96220
942 _n0
948 _c22/02/1999
999 _c58088
_d58088